00317nam a2200121Ia 4500008004100000041000800041082001700049100001200066245004500078260003200123300002900155365001100184240624s9999 xx 000 0 und d aeng a658.4092 OWE aOWEN JO aLEADERSHIP SKILLS HANDBOOK 50 KEY SKILLS c2007aNew DelhibKogan Page ax, : 214 : p. : cm. ; 21 cRSb32